The Samye monastery. (Record no. 61530)

MARC details
000 -LEADER
fixed length control field 00958cam a22002771 4500
001 - CONTROL NUMBER
control field sa 65000390
003 - CONTROL NUMBER IDENTIFIER
control field DLC
005 - DATE AND TIME OF LATEST TRANSACTION
control field 20260227112102.0
008 - FIXED-LENGTH DATA ELEMENTS--GENERAL INFORMATION
fixed length control field 810818s1961 ii a b 000 0 tib
010 ## - LIBRARY OF CONGRESS CONTROL NUMBER
LC control number sa 65000390
025 ## - OVERSEAS ACQUISITION NUMBER
Overseas acquisition number PL480:I-Tib-12
035 ## - SYSTEM CONTROL NUMBER
System control number (OCoLC)7677148
040 ## - CATALOGING SOURCE
Original cataloging agency DLC
Transcribing agency NIC
Modifying agency OCl
-- DLC
042 ## - AUTHENTICATION CODE
Authentication code premarc
050 00 - LIBRARY OF CONGRESS CALL NUMBER
Classification number BL1478.5.S3
Item number D39
100 0# - MAIN ENTRY--PERSONAL NAME
Personal name dBaṅ pʻyug rghal-po,
Dates associated with a name active 1854.
245 14 - TITLE STATEMENT
Title The Samye monastery.
Statement of responsibility, etc. Tibetan text edited by Lokesh Chandra, with a foreword by Giuseppe Tucci.
260 ## - PUBLICATION, DISTRIBUTION, ETC.
Place of publication, distribution, etc. New Delhi,
Name of publisher, distributor, etc. International Academy of Indian Culture,
Date of publication, distribution, etc. 1961.
300 ## - PHYSICAL DESCRIPTION
Extent 14, 314 p.
Other physical details illus.
Dimensions 29 cm.
440 #0 - SERIES STATEMENT/ADDED ENTRY--TITLE
Title Śatapiṭaka,
Volume/sequential designation v. 14.
440 #0 - SERIES STATEMENT/ADDED ENTRY--TITLE
Title Bhoṭapiṭaka,
Volume/sequential designation v. 6
500 ## - GENERAL NOTE
General note "A reproduction of a historic guide to the earliest monastic complex of Tibet."
504 ## - BIBLIOGRAPHY, ETC. NOTE
Bibliography, etc. note Bibliographical footnotes.
610 20 - SUBJECT ADDED ENTRY--CORPORATE NAME
Corporate name or jurisdiction name as entry element Samye (Monastery : Cha-nang hsien, China)
700 0# - ADDED ENTRY--PERSONAL NAME
Personal name Lokesh Chandra,
Relator term ed.

No items available.

Powered by Koha